=LDR 00000nam 2200000 4500 =001 INLIS000000000044125 =005 20131008104832 =008 ***********************************Ind** =035 ##$$0010-101300000002047 =041 ##$$a Ind =082 ##$$a 658 =090 ##$$a 658, Kar s =100 ##$$a Kartadhinata,Abas =245 ##$$a Supervisor yang sukses:kiat menjadi supervisor yang berhasil di hargai dan di hormati, Abas Karthadinata =260 ##$$a 2002 $b Jakarta =300 ##$$a viii,139 hlm, 21 cm =650 ##$$a Manajemen =850 ##$$a NBPNMAT =990 ##$$a 50845084 =990 ##$$a 01201805084